| 000 -CABECERA |
| campo de control de longitud fija |
00567nam a2200265Ia 4500 |
| 001 - NÚMERO DE CONTROL |
| campo de control |
9623 |
| 008 - DATOS DE LONGITUD FIJA--INFORMACIÓN GENERAL |
| campo de control de longitud fija |
191123s9999 xx 000 0 und d |
| 041 ## - CÓDIGO DE LENGUA |
| Código de lengua del texto/banda sonora o título independiente |
fre |
| 044 ## - CÓDIGO DEL PAÍS DE LA ENTIDAD EDITORA/PRODUCTORA |
| Código MARC del país |
fr |
| 100 ## - ENTRADA PRINCIPAL--NOMBRE DE PERSONA |
| Nombre de persona |
Gauguin, Paul, |
| 245 #0 - MENCIÓN DE TÍTULO |
| Título |
Noa Noa. |
| 260 ## - PUBLICACIÓN, DISTRIBUCIÓN, ETC. |
| Lugar de publicación, distribución, etc. |
Paris : |
| Nombre del editor, distribuidor, etc. |
La plume, |
| Fecha de publicación, distribución, etc. |
[19--?]. |
| 300 ## - DESCRIPCIÓN FÍSICA |
| Extensión |
239p. |
| 650 ## - PUNTO DE ACCESO ADICIONAL DE MATERIA--TÉRMINO DE MATERIA |
| Término de materia o nombre geográfico como elemento de entrada |
CUENTOS |
| 650 ## - PUNTO DE ACCESO ADICIONAL DE MATERIA--TÉRMINO DE MATERIA |
| Término de materia o nombre geográfico como elemento de entrada |
LITERATURA FRANCESA |
| 650 ## - PUNTO DE ACCESO ADICIONAL DE MATERIA--TÉRMINO DE MATERIA |
| Término de materia o nombre geográfico como elemento de entrada |
POEMAS |
| 700 ## - PUNTO DE ACCESO ADICIONAL--NOMBRE DE PERSONA |
| Nombre de persona |
Morice, Charles, |
| 902 ## - ELEMENTOS DE DATOS B LOCAL, LDB (RLIN) |
| a |
M |
| 903 ## - ELEMENTOS DE DATOS C LOCAL, LDC (RLIN) |
| a |
m |
| 904 ## - ELEMENTOS DE DATOS D LOCAL, LDD (RLIN) |
| a |
m |
| 907 ## - ELEMENTOS DE DATOS G LOCAL, LDG (RLIN) |
| a |
impreso |
| 912 ## - |
| -- |
[19--?] |
| 942 ## - ELEMENTOS DE PUNTO DE ACCESO ADICIONAL (KOHA) |
| Tipo de ítem Koha |
Libro |